| 000 | 00563nam a22001575i 4500 | ||
|---|---|---|---|
| 001 | 48310 | ||
| 003 | ES-MaACL | ||
| 007 | t| | ||
| 008 | 950713s1874 gw ||||1| ger d | ||
| 040 |
_aCAM _bspa _cCAM |
||
| 100 | 1 |
_aDahn, Felix. _942450 |
|
| 245 | 1 | 0 |
_aWestgothische studien _b: Entstehungsgeschichte, Privatredjt, Civil- und Straf-Procek und Gesammtkritik der Lex Visigotorum / _cvon Felix Dahn... |
| 260 |
_aWürzburg : _bdrud und verlag der Staheel'chen Buch und Runsthandlung, _c1874. |
||
| 300 |
_aIV, 321, VIII p. ; _c29 cm. |
||
| 852 |
_aES-MaACL _jG-4423 |
||
| 999 |
_c48310 _d48310 |
||